| 000 | 01416nam a22002777a 4500 | ||
|---|---|---|---|
| 005 | 20101206113148.0 | ||
| 008 | 101206t xxu||||| |||| 00| 0 hin d | ||
| 010 | _aHIN-93282 | ||
| 020 |
_c200.00 _a8190251252 |
||
| 035 | _aHN-65628 | ||
| 037 | _bDBAD/PUB | ||
| 040 |
_aDPL _bHN |
||
| 082 | _aउ | ||
| 100 |
_924598 _aमिर्जा अदीब |
||
| 245 |
_aचचा चोंचः _cमिर्जा अदीब; सुरजीत द्वारा अनुदित _bपाकिस्तान के प्रतिष्ठित 'आदमजी पुरस्कार' से सम्मानित शिक्षाप्रद और रोचक किशोर उपन्यास / |
||
| 246 |
_aChacha Chonch _bby Mirza Adeeb |
||
| 260 |
_aदिल्ली _bअग्रगामी प्रकाशन _c2011 |
||
| 270 |
_bदिल्ली _aबी-8, नवीन शाहदरा _e110032 |
||
| 300 |
_a119पृ. _c22सेमी (सजिल्द) _bसचित्र |
||
| 650 |
_91169 _aहिन्दी कथा साहित्य |
||
| 650 |
_929580 _aHindi Novel |
||
| 700 |
_924599 _aसुरजीत |
||
| 700 | _924924 | ||
| 942 |
_2ddc _cHN _mमिर्जाअ _hउ |
||
| 999 |
_c54073 _d54073 |
||